书目信息 |
| 题名: |
一口气读懂航海常识
|
|
| 作者: | 本书编写组编 | |
| 分册: | ||
| 出版信息: | 广州 广东世界图书出版公司 2010.08 |
|
| 页数: | 195页 | |
| 开本: | 23cm | |
| 丛书名: | 一口气读懂常识丛书 | |
| 单 册: | ||
| 中图分类: | U675 | |
| 科图分类: | ||
| 主题词: | 航海--hang hai--基本知识 | |
| 电子资源: | ||
| ISBN: | 978-7-5100-1542-7 | |
| 000 | 00852nam 2200241 450 | |
| 001 | 012010114468 | |
| 005 | 20101106145007.20 | |
| 010 | @a978-7-5100-1542-7@dCNY25.80 | |
| 100 | @a20101105d2010 em y0chiy0120 ea | |
| 101 | 0 | @achi |
| 102 | @aCN@b440000 | |
| 105 | @ay z 000yy | |
| 106 | @ar | |
| 200 | 1 | @a一口气读懂航海常识@Ayi kou qi du dong hang hai chang shi@f本书编写组编@Fben shu bian xie zu bian |
| 210 | @a广州@c广东世界图书出版公司@d2010.08 | |
| 215 | @a195页@d23cm | |
| 225 | 2 | @a一口气读懂常识丛书@Ayi kou qi du dong chang shi cong shu |
| 330 | @a本书针对有关航海的基本常识进行了全面而细致的把握,全书共分为4篇:基本知识篇、航海工具篇、航海人物篇和航海历史篇。 | |
| 410 | 0 | @12001 @a一口气读懂常识丛书 |
| 606 | 0 | @a航海@Ahang hai@x基本知识 |
| 690 | @aU675@v4 | |
| 801 | 0 | @aCN@bQSSK@c20101106 |
| 905 | @b787716-18@dU675@eY481@f3 | |
| 一口气读懂航海常识/本书编写组编.-广州:广东世界图书出版公司,2010.08 |
| 195页;23cm.-(一口气读懂常识丛书) |
| ISBN 978-7-5100-1542-7:CNY25.80 |
| 本书针对有关航海的基本常识进行了全面而细致的把握,全书共分为4篇:基本知识篇、航海工具篇、航海人物篇和航海历史篇。 |
| ● |
| 相关链接 |
|
|
|
正题名:一口气读懂航海常识
索取号:U675/Y481
 
预约/预借
| 序号 | 登录号 | 条形码 | 馆藏地/架位号 | 状态 | 备注 |
| 1 | 787716 | 207877163 | 自科库501/501自科库 59排3列1层/ [索取号:U675/Y481] | 在馆 | |
| 2 | 787717 | 207877172 | 自科库501/501自科库 59排3列1层/ [索取号:U675/Y481] | 在馆 | |
| 3 | 787718 | 207877181 | 自科库501/501自科库 59排3列1层/ [索取号:U675/Y481] | 在馆 |